| 000 | 00781nam a2200265 a 4500 | ||
|---|---|---|---|
| 005 | 20140310183611.0 | ||
| 008 | 120825s19uu xx 00 eng d | ||
| 020 | _a9780071288774 | ||
| 050 |
_aHB 615 _b.D43 2010 |
||
| 100 | _aDeakins, David | ||
| 245 |
_aEntrepreneurship and small firms / _cDavid Deakins |
||
| 250 | _a5th ed. | ||
| 260 |
_aLondon : _bMcGraw Hill, _c2010. |
||
| 300 |
_axx, 332 p. : _bill. ; _c25 cm. |
||
| 500 | _aIncludes index. | ||
| 521 | _aBSBA | ||
| 650 |
_aEntrepreneurship _xGreat Britain |
||
| 650 |
_aSmall business _xGreat Britain |
||
| 650 |
_aSmall business _xManagement |
||
| 650 | _aNew Business enterprises | ||
| 650 |
_aNew business enterprises _xGreatv Britain |
||
| 700 | _aFreel, Mark | ||
| 942 |
_cBK _2lcc _kFOR |
||
| 999 |
_c25243 _d25243 |
||